000 00545nam a2200229Ia 4500
003 OSt
005 20220918205042.0
006 a|||||r|||| 00| 0
007 ta
008 220917b |||||||| |||| 00| 0 eng d
024 _a115,226
037 _cTextual
040 _aARTS
_cARTS
_beng
041 _2eng
_aeng
082 _aV58:71, J6
100 _aMiller M
_9114033
245 0 _aArchaeology in the U S S R
260 _c1956
650 _aHISTORY
942 _hV58:71, J6
_cTEXL
_2CC
999 _c238556
_d238556